00536nam a2200181Ia 4500001001000000003000500010008004100015010001100056040000900067082001700076100002300093245009400116260004100210300001100251650002900262650002200291700004100313Para_2246CHAP220125s1987 xx 000 0 und d a200829 cCHAP aPA 634.96 S5 aSinclair, Wayne A. aDiseases of tress and shrubs /c by Wayne A. Sinclair, Howard H. Lyon, Warren T. Johnson aIthaca, N.Y. :b Cornell University a575 p. aArboles x enfermedades  aControl de plagas aLyon, Howard H. / Johnson, Warren T.